Normal view
MARC view
Entry Personal Name
001 - CONTROL NUMBER
- control field: 683
003 - CONTROL NUMBER IDENTIFIER
- control field: OSt
005 - DATE AND TIME OF LATEST TRANSACTION
- control field: 20221028114457.0
008 - FIXED-LENGTH DATA ELEMENTS
- fixed length control field: 221028|| aca||aabn | a|a d
040 ## - CATALOGING SOURCE
- Original cataloging agency: OSt
- Transcribing agency: OSt
100 ## - HEADING--PERSONAL NAME
- Personal name: Turchin, Linda
670 ## - SOURCE DATA FOUND
- Source citation: Work cat.: (OSt)9168: Ochs, Geralyn 240, Study guide and skills performance checklists for: Fundamentals of nursing, 7th ed. [by Potter & Perry]. /, 2009.
